Statistics for US Cities: What state are they in?

Click here to take the quiz!

General Stats

  • This quiz has been taken 121 times
    (112 since last reset)
  • The average score is 28 of 30

Answer Stats

CityState% Correct
Los AngelesCalifornia
100%
New YorkNew York
100%
HoustonTexas
100%
DallasTexas
100%
PhoenixArizona
99%
San DiegoCalifornia
99%
San FranciscoCalifornia
99%
ChicagoIllinois
99%
IndianapolisIndiana
99%
AustinTexas
99%
San JoseCalifornia
98%
SeattleWashington
97%
DetroitMichigan
95%
San AntonioTexas
95%
DenverColorado
94%
BostonMassachusets
94%
Oklahoma CityOklahoma
94%
El PasoTexas
94%
JacksonvilleFlorida
93%
PhiladelphiaPennsylvania
93%
Las VegasNevada
92%
ColumbusOhio
91%
PortlandOregon
91%
MemphisTennessee
90%
NashvilleTennessee
88%
Fort WorthTexas
88%
CharlotteNorth Carolina
87%
BaltimoreMaryland
85%
MilwaukeeWisconsin
81%
LouisvilleKentucky
79%

Score Distribution

Percentile by Number Answered

Percent of People with Each Score

Your Score History

You have not taken this quiz since the last reset